| 000 | 00000cam 2200000zi 4500 |
| 001 | 9.963305 |
| 003 | CaOODSP |
| 005 | 20260604090525 |
| 006 | m o d f |
| 007 | cr bn||||||||| |
| 008 | 260604e20260603onc ol f000 0 fre d |
| 040 | |aCaOODSP|bfre|erda|cCaOODSP |
| 041 | 0 |aeng|afre |
| 043 | |an-cn--- |
| 086 | 1 |aXB451-281/1-PDF |
| 110 | 1 |aCanada. |bParlement. |bChambre des communes, |eorganisme de publication. |
| 245 | 13|aAn Act to amend the Textile Labelling Act and the Consumer Packaging and Labelling Act = |bLoi modifiant la Loi sur l'étiquetage des textiles et la Loi sur l'emballage et l'étiquetage des produits de consommation. |
| 246 | 11|aLoi modifiant la Loi sur l'étiquetage des textiles et la Loi sur l'emballage et l'étiquetage des produits de consommation |
| 264 | 1|a[Ottawa] : |bHouse of Commons of Canada = Chambre des communes du Canada, |cle 3 juin 2026. |
| 300 | |a1 ressource en ligne (ii, 1 page). |
| 336 | |atexte|btxt|2rdacontent/fre |
| 337 | |ainformatique|bc|2rdamedia/fre |
| 338 | |aressource en ligne|bcr|2rdacarrier/fre |
| 490 | 1 |aProjet de loi C-... ; |vProjet de loi C-281, 1re session, 45e législature |
| 500 | |a« Première session, quarante-cinquième législature, 3-4 Charles III, 2025-2026. » |
| 500 | |a« Première lecture le 3 juin 2026. » |
| 500 | |a« M. Shipley. » |
| 520 | |a« Le texte modifie la Loi sur l'étiquetage des textiles afin de prévoir l'apposition, sur les drapeaux canadiens mesurant au moins 20 centimètres de largeur de 30 centimètres de longueur qui sont vendus, importés au Canada ou au sujet desquels de la publicité est faite, d'un étiquetage indiquant le pays d'origine. Il modifie également la Loi sur l'emballage et l'étiquetage des produits de consommation afin de prévoir que l'étiquetage de l'emballage de tels drapeaux doit préciser le pays d'origine » -- Sommaire, page ii. |
| 546 | |aTexte en anglais et en français. |
| 610 | 16|aCanada. |tLoi sur l'étiquetage des textiles. |
| 610 | 16|aCanada. |tLoi sur l'emballage et de l'étiquetage des produits de consommation. |
| 650 | 6|aDrapeaux|xÉtiquetage|xDroit|zCanada|vLégislation. |
| 650 | 6|aÉtiquettes|xDroit|zCanada|vLégislation. |
| 655 | 7|aProjets de loi|2rvmgf |
| 788 | |tAn Act to amend the Textile Labelling Act and the Consumer Packaging and Labelling Act = |eeng|w(CaOODSP)9.963304 |
| 830 | #0|aProjet de loi C-...|vProjet de loi C-281, 1re session, 45e législature.|w(CaOODSP)9.500660 |
| 856 | 40|qPDF|s114 Ko|uhttps://publications.gc.ca/collections/collection_2026/parl/XB451-281-1.pdf |
| 856 | 4 |qHTML|sS.O.|uhttps://www.parl.ca/documentviewer/fr/45-1/projet-loi/C-281/premiere-lecture |
| 986 | |a451162 |